Nomenclàtor internacional normalitzat en els camps de la ciència i de la tecnologia : (Segons projecte UNESCO) : Anglès-Català-Castellà (Segons projecte UNESCO) :
Descripción Física:
70 p. ; 21 x 29'5 cm
MARC
| LEADER | 00000nam a2200000Ia 4500 | ||
|---|---|---|---|
| 001 | 602 | ||
| 008 | 160829s1982 xx 000 0 cat d | ||
| 080 | |a FOL-1-173 | ||
| 245 | |a Nomenclàtor internacional normalitzat en els camps de la ciència i de la tecnologia : |b (Segons projecte UNESCO) : |b Anglès-Català-Castellà | ||
| 260 | |a Barcelona : |b Generalitat de Catalunya. Departament d'Ensenyament, |c 1982 | ||
| 300 | |a 70 p. ; |c 21 x 29'5 cm | ||
| 650 | |a Anglès tècnic |9 31553 | ||
| 650 | |a Català tècnic |9 31554 | ||
| 650 | |a Castellà tècnic |9 31555 | ||
| 710 | |a Catalunya. |b Departament d'Ensenyament |9 52899 | ||
| 901 | |a Arxiu | ||
| 942 | |n 1 | ||
| 952 | |0 0 |1 0 |4 0 |6 FOL1173 |7 1 |9 45667 |a Arxiu |b Arxiu |d 2016-12-01 |l 0 |o FOL-1-173 |p 602 |r 2016-12-01 00:00:00 |w 2016-12-01 |y ARXIU | ||
| 999 | |c 49167 |d 49167 | ||